Organizational Behavior
Đã lưu trong:
| 主要作者: | |
|---|---|
| 格式: | 圖書 |
| 語言: | Undetermined |
| 出版: |
Boston
McGraw-Hill Irwin
2005
|
| 主題: | |
| 標簽: |
添加標簽
沒有標簽, 成為第一個標記此記錄!
|
| Thư viện lưu trữ: | Trung tâm Học liệu Trường Đại học Cần Thơ |
|---|
| LEADER | 00586nam a2200193Ia 4500 | ||
|---|---|---|---|
| 001 | CTU_213920 | ||
| 008 | 210402s9999 xx 000 0 und d | ||
| 082 | |a 658 | ||
| 082 | |b M113 | ||
| 100 | |a McShane, Steven Lattimore | ||
| 245 | 0 | |a Organizational Behavior | |
| 245 | 0 | |c Steven L. McShane, Mary Ann Von Glinow | |
| 260 | |a Boston | ||
| 260 | |b McGraw-Hill Irwin | ||
| 260 | |c 2005 | ||
| 650 | |a Organizational behavior,Trung tâm Học liệu ĐHCT | ||
| 650 | |x Hành vi tổ chức | ||
| 904 | |i Hạ Nguyên | ||
| 980 | |a Trung tâm Học liệu Trường Đại học Cần Thơ | ||